Pokémon apprenant l'attaque "Vitesse Extrême" - Statistiques

Statistiques générales
  • Ce quiz a été pris 388 fois
    306 depuis la dernière actualisation
  • Le résultat moyen est 13 sur 22
Statistiques - réponses
Type 1 Type 2 Pokémon % Correct
Feu Arcanin
92%
Feu Roche Arcanin de Hisui
92%
Dragon Draco
92%
Dragon Vol Dracolosse
92%
Combat Acier Lucario
81%
Électrik Raichu
71%
Électrik Psy Raichu d'Alola
71%
Dragon Vol Rayquaza
71%
Fée Vol Togekiss
67%
Électrik Pikachu
66%
Normal Arceus
60%
Dragon Sol Zygarde
59%
Dragon Minidraco
50%
Insecte Acier Genesect
49%
Normal Linéon
47%
Feu Entei
45%
Électrik Regieleki
37%
Électrik Raikou
34%
Psy Deoxys
33%
Eau Suicune
33%
Normal Zigzaton
29%
Normal Queulorior
24%
Aucun quiz correspondant
Distribution des résultats
% des personnes avec chaque résultat
Percentile par nombre de réponses
Votre historique - résultats
Vous n’avez pas pris ce quiz depuis la dernière actualisation